Beato fra le Bestie, Il brigante, Avviso di tempesta, Il palanchino delle lacrime

Gardado en:
Detalles Bibliográficos
Formato: Libro
Idioma:lingua descoñecida ou non válida
Publicado: Selezione dal Reader's Digest
Tags: Engadir etiqueta
Sen Etiquetas, Sexa o primeiro en etiquetar este rexistro!

MARC

LEADER 00000nam a2200000Ia 4500
001 R-421
003 CODICE-MESSINA
005 20260212112651.0
008 260211s9999 xx 000 0 und d
040 |c importazione_messina 
245 0 |a Beato fra le Bestie, Il brigante, Avviso di tempesta, Il palanchino delle lacrime 
260 |b Selezione dal Reader's Digest 
942 |2 ddc  |c BK 
952 |0 0  |1 0  |2 ddc  |4 0  |6 SCAFFALE_2_000000000000000__ROMANZI  |7 0  |9 31241  |a ME  |b ME  |d 2026-02-11  |l 0  |o SCAFFALE 2 - ROMANZI  |p R-421  |r 2026-02-11 23:52:25  |w 2026-02-11  |x [REVISIONARE]  |y BK 
999 |c 26905  |d 26905